老槟城路志铭 (Record no. 65349)

000 -LEADER
fixed length control field 00498nam a22001937a 4500
003 - CONTROL NUMBER IDENTIFIER
control field MPLRDC
005 - DATE AND TIME OF LATEST TRANSACTION
control field 20220104193742.0
008 - FIXED-LENGTH DATA ELEMENTS--GENERAL INFORMATION
fixed length control field 210129b ||||| |||| 00| 0 eng d
020 ## - INTERNATIONAL STANDARD BOOK NUMBER
International Standard Book Number 978-983-3941-87-2
082 ## - DEWEY DECIMAL CLASSIFICATION NUMBER
Classification number 738.6717 DZQ-4
100 ## - MAIN ENTRY--PERSONAL NAME
Personal name 杜忠全
245 ## - TITLE STATEMENT
Title 老槟城路志铭
Statement of responsibility, etc.
250 ## - EDITION STATEMENT
Edition statement 二版一刷
260 ## - PUBLICATION, DISTRIBUTION, ETC.
Place of publication, distribution, etc. 马来西亚
Name of publisher, distributor, etc. 大将出版社
Date of publication, distribution, etc. 2011
300 ## - PHYSICAL DESCRIPTION
Other physical details
490 ## - SERIES STATEMENT
Series statement 大将悠游: 11
650 ## - SUBJECT ADDED ENTRY--TOPICAL TERM
Topical term or geographic name entry element 马来西亚史地--槟城
942 ## - ADDED ENTRY ELEMENTS (KOHA)
Koha item type Book
-- 738.6717 DZQ-4
Holdings
Withdrawn status Lost status Source of classification or shelving scheme Damaged status Not for loan Collection code Home library Current library Shelving location Date acquired Cost, normal purchase price Total Checkouts Total Renewals Full call number Barcode Date last seen Date last checked out Price effective from Koha item type Public note
            Malaysian Public Library, Research and Development Centre Malaysian Public Library, Research and Development Centre   25/11/2014 20.00   1 738.6717 DZQ-4 00059307 18/03/2021 02/03/2017 18/03/2021 Book mplrdc

© 2022. Malaysian Public Library, Research and Development Centre. All Right ReservedE-mailmplrdc@help.edu.my 

Powered by Koha